Capitals Without the Letters of “Astana” - Statistics

General Stats
  • This quiz has been taken 6 times
  • The average score is 4 of 6
Answer Stats
Continents Capitals % Correct
Europe Kiev
100%
Asia Dili
75%
Africa Lomé
75%
Europe Rome
75%
Europe Luxembourg
50%
Africa Libreville
25%
No matching quizzes found
Score Distribution
Percent of People with Each Score
Percentile by Number Answered
Your Score History
You have not taken this quiz